Đặc điểm tiểu thuyết Nguyễn Đình Tú

Đặc điểm tiểu thuyết Nguyễn Đình Tú - từ bình diện đề tài, nhân vật. Đặc điểm tiểu thuyết Nguyễn Đình Tú - từ bình diện kết cấu. Đặc điểm tiểu thuyết Nguyễn Đình Tú - từ bình diện ngôn ngữ, giọng điệu

Na minha lista:
Detalhes bibliográficos
Autor principal: Hoàng, Thị Thêu
Outros Autores: Lê, Thị Hường TS (Hướng dẫn)
Formato: Livro
Idioma:Vietnamese
Publicado em: Đại học Đà Nẵng 2011
coleção:Luận văn thạc sĩ. Chuyên ngành : Hóa hữu cơ
Assuntos:
Tags: Adicionar Tag
Sem tags, seja o primeiro a adicionar uma tag!
Thư viện lưu trữ: Mạng thư viện Đại học Đà Nẵng
LEADER 01494nam a2200337 4500
001 000011736
003 8007
005 20120208160245.0
008 120208s2011 viesd
041 |a vie 
072 |a Luận văn thạc sĩ 
082 |a 895.92223  |b HO-T 
100 |a Hoàng, Thị Thêu 
245 |a Đặc điểm tiểu thuyết Nguyễn Đình Tú  |c Hoàng, Thị Thêu 
260 |a Đại học Đà Nẵng  |c 2011 
300 |a 101 tr.  |b hình mhọa  |c 29 cm  |e tóm tăt + đĩa CD 
490 |a Luận văn thạc sĩ. Chuyên ngành : Hóa hữu cơ 
500 |a Tham khảo tr 98 - 101 
520 |a Đặc điểm tiểu thuyết Nguyễn Đình Tú - từ bình diện đề tài, nhân vật. Đặc điểm tiểu thuyết Nguyễn Đình Tú - từ bình diện kết cấu. Đặc điểm tiểu thuyết Nguyễn Đình Tú - từ bình diện ngôn ngữ, giọng điệu 
653 |a Luận văn thạc sĩ Khoa học 
700 |a Lê, Thị Hường  |c TS  |e Hướng dẫn 
OWN |a LSP 
AVA |a UDN50  |b LSP  |d 895.92223 HO-T  |e available  |t Error 5001 Not defined in file expand_doc_bib_avail.  |f 1  |g 0  |h N  |i 0  |k 1 
999 |a From the UDN01 
AVA |a UDN50  |b LSP  |d 895.92223 HO-T  |e available  |t Error 5001 Not defined in file expand_doc_bib_avail.  |f 1  |g 0  |h N  |i 0  |k 1 
TYP |a Monograph 
TYP |a Printed language 
980 |a Mạng thư viện Đại học Đà Nẵng